Jaka część Warszawy. Cz.2 - Statystyki

Ogólne statystyki
  • Ten quiz został rozwiązany 3 778 razy
  • Średni wynik to 9 z 15
Statystyki odpowiedzi
Zagadnienie Odpowiedź % Poprawnych
Kabaty Ursynów
84%
Sadyba Mokotów
79%
Zacisze Targówek
75%
Pelcowizna Praga Północ
70%
Solec Śródmiescie
69%
Wawrzyszew Bielany
67%
Paluch Włochy
60%
Jelonki północne Bemowo
57%
Słodowiec Bielany
57%
Czyste Wola
54%
Odolany Wola
51%
Kamionek Praga Południe
48%
Elsnerów Targówek
43%
Sadul Wawer
42%
Radiowo Bielany
27%
Nie znaleziono quizów pasujących do podanych kryteriów
Rozkład punktacji
Procent ludzi z każdym wynikiem
Percentyl według liczby udzielonych odpowiedzi
Twoja historia wyników
Nie rozwiązałeś tego quizu